Science Quiz

Random Science or Math Quiz

Easy Math II Quiz Stats

Quiz Updated Apr 25, 2018

Also try: Easy Math
Challenge
Share
Tweet
Embed
Score 0/50 Timer 03:00
7 Plays Today
Question Answer % Correct
2 + 57
88.1%
6 - 42
87.7%
8 + 917
87.6%
30 - 2010
87.5%
2 * 612
87.3%
4 + 48
87.3%
8 - 53
87.1%
53 + 1467
86.9%
124897654 * 00
86.8%
9 * 1090
86.8%
50 - 3020
86.8%
B * 6 = 36. What does B equal?6
86.8%
Four birds on a fence. Three more come. How many birds?7
86.7%
5 + 5 + 515
86.6%
17 - 170
86.5%
Five cherries. You eat three. How many do you have left?2
86.4%
79 + 079
86.3%
8 / 18
86.3%
16 / 44
86.2%
Subtract nine from eighteen.9
86%
3 * 39
86%
2.5 + 2.55
85.4%
6 * 954
85%
1 * 2 * 36
84.8%
7 + 7 - 77
84.8%
Question Answer % Correct
121 / 1111
84.7%
6 - 33
84.6%
Joe ate three quarters of his orange. How many quarters does he have left?1
84.3%
24 / 64
84.3%
Four kids eat pizza. The pizza is divided into eight even slices. How many slices does each kid get to be even?2
83.9%
81 + 80161
83.7%
Jake has four cats. Herb has two fewer cats than Jake. How many cats does Jake have?4
83.4%
28 - 199
83.3%
30 / 65
82.9%
17 * C = 34, C = ?2
82.6%
17 - 89
82.5%
302 paintballs in Bill's gun. If he fires half of them how many will he have left?151
82.4%
6 + 814
82.3%
8 + 311
82.3%
What is the area of a rectangle with sides 3 and 8 inches long?24 sq inches
82.1%
55 / 115
81.9%
8 * 756
81.8%
12 * 12144
81.6%
74 - 5816
81.3%
Ryan has four fewer cats than Aardfig. Aardfig has seven cats. How many cats do they have in total?10
81%
7 * 1284
79.7%
73 - 4726
79.5%
4 + 5 * 424
79.1%
A.J has three pennies, two nickels and a dime. How much money does he have?23 cents
78%
A.J has three dimes, two nickels and one penny. How much money does he have?41 cents
76.1%

You're not logged in!

Compare scores with friends on all Sporcle quizzes.
Join for Free
OR
Log In

You Might Also Like...

Show Comments

Extras

Top Quizzes Today


Score Distribution

Your Account Isn't Verified!

In order to create a playlist on Sporcle, you need to verify the email address you used during registration. Go to your Sporcle Settings to finish the process.

Report this User

Report this user for behavior that violates our Community Guidelines.

Details: